Geography : (Record no. 79115)
[ view plain ]
| 000 -LEADER | |
|---|---|
| fixed length control field | 00868nam a22002297a 4500 |
| 005 - DATE AND TIME OF LATEST TRANSACTION | |
| control field | 20131202144231.0 |
| 010 ## - LCCN (DPL NO) | |
| LC control number | B-522192-202 |
| 020 ## - INTERNATIONAL STANDARD BOOK NUMBER | |
| International Standard Book Number | 9788131913031 |
| Terms of availability | 125.00 |
| 035 ## - SYSTEM CONTROL NUMBER | |
| System control number | B-522192-202 |
| 037 ## - SOURCE OF ACQUISITION | |
| Source of stock number/acquisition | BBB/Ven. |
| Stock number | dpl |
| 082 ## - DEWEY DECIMAL CLASSIFICATION NUMBER | |
| Classification number | 910.9143 |
| 245 ## - TITLE STATEMENT | |
| Title | Geography : |
| Statement of responsibility, etc | edited by Pallabi B. Tomar [and] Hitesh Iplani; iilustrated by Suman S. Roy [and] Tanoy Choudhury |
| Remainder of title | mountains / |
| 260 ## - PUBLICATION, DISTRIBUTION, ETC. (IMPRINT) | |
| Place of publication, distribution, etc | New Delhi |
| Name of publisher, distributor, etc | Pegasus and imprint of B. Jain Publishers |
| Date of publication, distribution, etc | 00?? |
| 270 ## - ADDRESS | |
| Address | 1921/10, Chuna Mandi, Paharganj, |
| City | New Delhi |
| Postal code | 110055 |
| 300 ## - PHYSICAL DESCRIPTION | |
| Extent | 31p. : |
| Dimensions | 26cm(Hb) |
| Other physical details | col.ill. |
| 490 ## - SERIES STATEMENT | |
| Series statement | Pegasus encyclopedia library |
| 500 ## - GENERAL NOTE | |
| General note | Includes index |
| 700 ## - ADDED ENTRY--PERSONAL NAME | |
| Personal name | Tomar, Pallabi B. |
| 700 ## - ADDED ENTRY--PERSONAL NAME | |
| Personal name | Iplani, Hitesh |
| 942 ## - ADDED ENTRY ELEMENTS (KOHA) | |
| Source of classification or shelving scheme | Dewey Decimal Classification |
| Item type | Children Books |
| Call number suffix | GEO |
| Classification part | 910.9143 |
| Withdrawn status | Lost status | Not for loan | Collection code | Home library | Current library | Date acquired | Source of acquisition | Cost, normal purchase price | Full call number | Barcode | Copy number | Cost, replacement price | Koha item type |
|---|---|---|---|---|---|---|---|---|---|---|---|---|---|
| Non-fiction | Central Jail Tihar | Central Jail Tihar | 02/12/2013 | BBB/IN10452/28.03.2013/202/20.03.2013/28.03.2013 | 125.00 | 910.9143 GEO | B-522197 | 1 | 125.00 | Children Books | |||
| Non-fiction | Central Library | Central Library | 02/12/2013 | BBB/IN10452/28.03.2013/202/20.03.2013/28.03.2013 | 125.00 | 910.9143 GEO | B-522192 | 1 | 125.00 | Children Books | |||
| Non-fiction | Janak Puri | Janak Puri | 02/12/2013 | BBB/IN10452/28.03.2013/202/20.03.2013/28.03.2013 | 125.00 | 910.9143 GEO | B-522198 | 1 | 125.00 | Children Books | |||
| Non-fiction | Karol Bagh | Karol Bagh | 02/12/2013 | BBB/IN10452/28.03.2013/202/20.03.2013/28.03.2013 | 125.00 | 910.9143 GEO | B-522199 | 1 | 125.00 | Children Books | |||
| Non-fiction | Kasturba Gandhi Marg | Kasturba Gandhi Marg | 02/12/2013 | BBB/IN10452/28.03.2013/202/20.03.2013/28.03.2013 | 125.00 | 910.9143 GEO | B-522194 | 1 | 125.00 | Children Books | |||
| Non-fiction | Narela | Narela | 02/12/2013 | BBB/IN10452/28.03.2013/202/20.03.2013/28.03.2013 | 125.00 | 910.9143 GEO | B-522201 | 1 | 125.00 | Children Books | |||
| Non-fiction | New Rohtak Road | New Rohtak Road | 02/12/2013 | BBB/IN10452/28.03.2013/202/20.03.2013/28.03.2013 | 125.00 | 910.9143 GEO | B-522200 | 1 | 125.00 | Children Books | |||
| Non-fiction | Patel Nagar | Patel Nagar | 02/12/2013 | BBB/IN10452/28.03.2013/202/20.03.2013/28.03.2013 | 125.00 | 910.9143 GEO | B-522193 | 1 | 125.00 | Children Books | |||
| Non-fiction | Peshwa Road | Peshwa Road | 02/12/2013 | BBB/IN10452/28.03.2013/202/20.03.2013/28.03.2013 | 125.00 | 910.9143 GEO | B-522195 | 1 | 125.00 | Children Books | |||
| Non-fiction | Tri Nagar | Tri Nagar | 02/12/2013 | BBB/IN10452/28.03.2013/202/20.03.2013/28.03.2013 | 125.00 | 910.9143 GEO | B-522196 | 1 | 125.00 | Children Books | |||
| Non-fiction | Yojana Vihar | Yojana Vihar | 02/12/2013 | BBB/IN10452/28.03.2013/202/20.03.2013/28.03.2013 | 125.00 | 910.9143 GEO | B-522202 | 1 | 125.00 | Children Books |
